100 Biggest Cities in Poland on a Map - Statistics

General Stats
  • This quiz has been taken 24,513 times
    8,055 since last reset
  • The average score is 47 of 100
Answers on the Map
Answers color-coded by a green-red scale on the quiz's map according to % correct below.
 
Answer Stats
City Population % Correct
Warsaw 1,861,599
99%
Gdansk 487,371
97%
Krakow 806,201
97%
Lodz 652,015
94%
Wroclaw 673,743
92%
Poznan 538,439
90%
Katowice 279,190
89%
Szczecin 389,066
89%
Gdynia 241,189
86%
Lublin 329,565
86%
Bialystok 291,688
83%
Bydgoszcz 326,434
79%
Torun 194,771
74%
Opole 126,077
71%
Rzeszow 197,268
71%
Czestochowa 205,969
70%
Kielce 182,295
69%
Radom 196,005
69%
Zielona Gora 138,932
68%
Olsztyn 167,311
67%
Elblag 112,923
61%
Suwalki 68,231
61%
Gorzow Wielkopolski 115,247
59%
Gliwice 169,915
58%
Koszalin 105,540
58%
Bielsko-Biala 165,766
56%
Kolobrzeg 43,426
56%
Plock 111,190
56%
Sosnowiec 187,115
56%
Tarnow 103,129
56%
Zabrze 153,838
52%
Bytom 147,759
51%
Przemysl 56,050
51%
Chorzow 100,593
49%
Jelenia Gora 75,124
49%
Elk 59,759
48%
Legnica 91,948
48%
Lubin 67,620
48%
Slupsk 85,504
48%
Walbrzych 100,294
48%
Zamosc 58,231
47%
Kalisz 93,137
46%
Nowy Sacz 80,358
46%
Pila 70,054
45%
Tychy 122,045
45%
Wloclawek 100,807
45%
Pruszkow 65,461
44%
Rybnik 130,887
44%
Chelm 57,214
43%
Konin 67,066
43%
Gniezno 63,549
42%
Piotrkow Trybunalski 66,519
41%
Stargard 66,604
41%
Grudziadz 88,658
40%
Inowroclaw 67,378
40%
Lomza 59,711
40%
Siedlce 75,297
40%
Biala Podlaska 54,453
38%
Dabrowa Gornicza 113,460
38%
Ruda slaska 130,302
38%
Krosno 44,060
35%
Leszno 60,051
35%
Wejherowo 46,097
35%
Glogow 62,049
34%
Tczew 56,936
34%
Legionowo 52,630
33%
Mielec 56,972
33%
Piaseczno 51,971
33%
Tarnobrzeg 43,712
33%
Belchatow 52,331
32%
Ostroleka 48,229
32%
Kedzierzyn-Kozle 54,387
31%
Stalowa Wola 55,127
31%
Ostrowiec Swietokrzyski 62,093
30%
Pabianice 60,598
30%
Rumia 53,316
30%
Skierniewice 45,184
30%
Zgierz 53,543
30%
Jastrzebie-Zdroj 82,301
29%
Myslowice 71,280
29%
Ostrow Wielkopolski 69,260
29%
Otwock 43,895
29%
Jaworzno 86,812
27%
Tarnowskie Gory 61,321
27%
Tomaszow Mazowiecki 57,438
27%
Zory 61,774
27%
Pulawy 43,860
26%
Raciborz 49,650
26%
Starogard Gdanski 45,295
26%
Debica 42,986
25%
Siemianowice Slaskie 63,401
25%
Bedzin 53,848
24%
Swidnica 52,874
24%
Marki 45,365
23%
Zawiercie 46,106
23%
Starachowice 44,416
22%
Zabki 45,347
22%
Piekary Slaskie 51,707
21%
Wodzislaw Slaski 44,833
21%
Swietochlowice 45,434
20%
No matching quizzes found
Score Distribution
Percent of People with Each Score
Percentile by Number Answered
Your Score History
You have not taken this quiz since the last reset